He is there and He is not silent (Record no. 9296)
[ view plain ]
| 000 -LEADER | |
|---|---|
| fixed length control field | 00619cam a2200205 4500 |
| 001 - CONTROL NUMBER | |
| control field | 3606178 |
| 005 - DATE AND TIME OF LATEST TRANSACTION | |
| control field | 20260420151414.0 |
| 008 - FIXED-LENGTH DATA ELEMENTS--GENERAL INFORMATION | |
| fixed length control field | 720919s1972 ilu 000 0 eng |
| 020 ## - INTERNATIONAL STANDARD BOOK NUMBER | |
| International Standard Book Number | 0842314121 |
| -- | 084231413X (pbk.) |
| 020 ## - INTERNATIONAL STANDARD BOOK NUMBER | |
| International Standard Book Number | 9780842314121 |
| 050 00 - LIBRARY OF CONGRESS CALL NUMBER | |
| Classification number | BR100 |
| Item number | .S34 |
| 082 00 - DEWEY DECIMAL CLASSIFICATION NUMBER | |
| Classification number | 201 |
| 100 1# - MAIN ENTRY--PERSONAL NAME | |
| Personal name | Schaeffer, Francis A. |
| Fuller form of name | (Francis August) |
| 245 10 - TITLE STATEMENT | |
| Title | He is there and He is not silent |
| Statement of responsibility, etc. | [by] Francis A. Schaeffer. |
| 260 ## - PUBLICATION, DISTRIBUTION, ETC. | |
| Place of publication, distribution, etc. | Wheaton, Ill., |
| Name of publisher, distributor, etc. | Tyndale House Publishers |
| Date of publication, distribution, etc. | [1972] |
| 300 ## - PHYSICAL DESCRIPTION | |
| Extent | xi, 100 p. |
| Dimensions | 22 cm. |
| 650 #0 - SUBJECT ADDED ENTRY--TOPICAL TERM | |
| Topical term or geographic name entry element | Christianity |
| General subdivision | Philosophy. |
| 650 #0 - SUBJECT ADDED ENTRY--TOPICAL TERM | |
| Topical term or geographic name entry element | Knowledge, Theory of. |
| 942 ## - ADDED ENTRY ELEMENTS (KOHA) | |
| Source of classification or shelving scheme | Library of Congress Classification |
| Koha item type | Books |
| Suppress in OPAC | No |
| 999 ## - | |
| -- | 9296 |
| -- | 9296 |
| Withdrawn status | Lost status | Source of classification or shelving scheme | Damaged status | Not for loan | Collection | Home library | Current library | Shelving location | Date acquired | Total checkouts | Full call number | Barcode | Date last seen | Price effective from | Koha item type |
|---|---|---|---|---|---|---|---|---|---|---|---|---|---|---|---|
| Library of Congress Classification | Non-fiction | Main Library (Kumasi) | Main Library (Kumasi) | General stacks | 04/20/2026 | BR100.S34 SCH | bssk00000042 | 04/20/2026 | 04/20/2026 | Books |